| 000 -LEADER |
| fixed length control field |
01259cam a2200253 i 4500 |
| 003 - CONTROL NUMBER IDENTIFIER |
| control field |
OSt |
| 005 - DATE AND TIME OF LATEST TRANSACTION |
| control field |
20200521125115.0 |
| 008 - FIXED-LENGTH DATA ELEMENTS--GENERAL INFORMATION |
| fixed length control field |
180716s2019 enka b 001 0 eng |
| 020 ## - INTERNATIONAL STANDARD BOOK NUMBER |
| International Standard Book Number |
9781138065819 (pb : alk. paper) |
| 082 00 - DEWEY DECIMAL CLASSIFICATION NUMBER |
| Classification number |
720.103TRO |
| Edition number |
23 |
| 245 00 - TITLE STATEMENT |
| Title |
Architecture and resilience : |
| Remainder of title |
interdisciplinary dialogues / |
| Statement of responsibility, etc |
edited by Kim Trogal, Irena Bauman, Ranald Lawrence and Doina Petrescu. |
| 246 34 - VARYING FORM OF TITLE |
| Title proper/short title |
Architecture & resilience |
| 300 ## - PHYSICAL DESCRIPTION |
| Extent |
xix, 280 pages : |
| Other physical details |
illustrations ; |
| Dimensions |
25 cm |
| 504 ## - BIBLIOGRAPHY, ETC. NOTE |
| Bibliography, etc |
Includes bibliographical references and index. |
| 505 2# - FORMATTED CONTENTS NOTE |
| Formatted contents note |
Introduction : architecture and resilience on a human scale / Kim Trogal, Irena Bauman, Ranald Lawrence and Doina Petrescu -- Collective documenting of extreme urban transformations : evidence of urban resilience during the war in Sarajevo (1992-1996) / Armina Pilav -- Learning from New Orleans : social resilience for urban ecosystems / Marchella Del Signore and Cordula Roser Gray. |
| 650 #0 - SUBJECT ADDED ENTRY--TOPICAL TERM |
| Topical term or geographic name as entry element |
Architecture and climate. |
| 650 #0 - SUBJECT ADDED ENTRY--TOPICAL TERM |
| Topical term or geographic name as entry element |
Sustainable architecture. |
| 650 #0 - SUBJECT ADDED ENTRY--TOPICAL TERM |
| Topical term or geographic name as entry element |
Architecture and society. |
| 700 1# - ADDED ENTRY--PERSONAL NAME |
| Personal name |
Trogal, Kim, |
| Relator term |
editor. |
| 700 1# - ADDED ENTRY--PERSONAL NAME |
| Personal name |
Bauman, Irena, |
| Dates associated with a name |
1956- |
| Relator term |
editor. |
| 700 1# - ADDED ENTRY--PERSONAL NAME |
| Personal name |
Lawrence, Ranald, |
| Relator term |
editor. |
| 700 1# - ADDED ENTRY--PERSONAL NAME |
| Personal name |
Petrescu, Doina, |
| Relator term |
editor. |
| 942 ## - ADDED ENTRY ELEMENTS (KOHA) |
| Source of classification or shelving scheme |
|